| 000 | 00824nas a2200385 a 4500 | ||
|---|---|---|---|
| 001 | 83907 | ||
| 003 | 161176 | ||
| 005 | 20240712161823.0 | ||
| 008 | ||||||n9999 ||| || || | ||
| 100 | _aOberto G., Luis Enrique | ||
| 245 | 0 | _aLa reforma parlamentaria para la Venezuela del siglo XXI | |
| 562 | _e1 | ||
| 650 | _aASAMBLEA LEGISLATIVA | ||
| 650 | _aREFORMA DEL ESTADO--VENEZUELA | ||
| 942 | _cBKM | ||
| 999 |
_c83907 _d83907 |
||
| 526 | _a17598 | ||
| 526 | _a102617 | ||
| 526 | _a102618 | ||
| 526 | _a15794 | ||
| 526 | _a102620 | ||
| 526 | _a10406 | ||
| 526 | _a105630 | ||
| 526 | _a1698 | ||
| 526 | _a116204 | ||
| 526 | _a4969 | ||
| 526 | _a19790 | ||
| 526 | _a104436 | ||
| 526 | _a5144 | ||
| 526 | _a51868 | ||
| 526 | _a3899 | ||
| 526 | _a9683 | ||
| 526 | _a | ||
| 526 | _a1703 | ||
| 526 | _a1697 | ||